| 000 | 00387nam a22001697a 4500 | ||
|---|---|---|---|
| 005 | 20160621113303.0 | ||
| 008 | 160621b xxu||||| |||| 00| 0 eng d | ||
| 020 | _a978-81-317-1089-0 | ||
| 041 | _aeng | ||
| 082 | _b8693 | ||
| 100 |
_aStill Richard R and others _92373 |
||
| 245 | _aSales Management | ||
| 260 | _bPearson | ||
| 300 | _a629 | ||
| 650 |
_aManagement _9241 |
||
| 942 | _cBK | ||
| 999 |
_c3355 _d3354 |
||